Gaming Quiz

Random Gaming or Card Games Quiz
Score 0/7 Timer 02:00
0 Plays Today
Type Name % Correct
Effect MonsterNimble Momonga
88%
Effect MonsterNimble Beaver
78.6%
Effect MonsterSuper-Nimble Mega Hamster
72%
Effect MonsterNimble Manta
60%
Effect MonsterNimble Angler
56%
Effect MonsterNimble Sunfish
56%
Effect MonsterNimble Musasabi
40%
Remove Ads.
Support Sporcle.
Get the best of Sporcle when you Go Orange. This ad-free experience offers more features, more stats, and more fun while also helping to support Sporcle. Thank you for becoming a member.

You're not logged in!

Compare scores with friends on all Sporcle quizzes.
OR
Log In

Show Comments

Extras

Top Quizzes Today


Score Distribution

Your Account Isn't Verified!

In order to create a playlist on Sporcle, you need to verify the email address you used during registration. Go to your Sporcle Settings to finish the process.

Report this User

Report this user for behavior that violates our Community Guidelines.

Details: